[Event "Stuttgart-chA int"]
[Site "Ditzingen"]
[Date "2016.05.08"]
[Round "7"]
[White "Stoll, Katja"]
[Black "Wirth, Steffen"]
[Result "1/2-1/2"]
[WhiteElo "1870"]
[BlackElo "2001"]
[PlyCount "55"]
[EventDate "2016.05.05"]
[EventType "swiss"]
[EventRounds "7"]
[EventCountry "GER"]
[SourceTitle "EXT 2018"]
[Source "ChessBase"]
[SourceDate "2017.10.13"]
[SourceVersion "1"]
[SourceVersionDate "2017.10.13"]
[SourceQuality "1"]

1. e4 c5 2. Nf3 e6 3. d4 cxd4 4. Nxd4 Nc6 5. Nc3 Qc7 6. g3 a6 7. Bg2 Nf6 8. Nb3 Na5 9. Nxa5 Qxa5 10. 0-0 h5 11. Bd2 Qc7 12. Bf4 d6 13. Re1 Ng4 14. Qe2 Ne5 15. Be3 b5 16. f4 Nc4 17. e5 d5 18. Bf2 Bc5 19. f5 Bxf2+ 20. Qxf2 Qa7 21. b3 Qxf2+ 22. Kxf2 Nb6 23. Ke3 Bd7 24. Ne2 exf5 25. Nf4 Be6 26. Kd4 Rc8 27. Rac1 h4 28. Nd3 1/2-1/2

[Event "Stuttgart-chA int"]
[Site "Ditzingen"]
[Date "2016.05.07"]
[Round "6"]
[White "Stoll, Katja"]
[Black "Pfrommer, Martin"]
[Result "1/2-1/2"]
[WhiteElo "1870"]
[BlackElo "2013"]
[PlyCount "68"]
[EventDate "2016.05.05"]
[EventType "swiss"]
[EventRounds "7"]
[EventCountry "GER"]
[SourceTitle "EXT 2018"]
[Source "ChessBase"]
[SourceDate "2017.10.13"]
[SourceVersion "1"]
[SourceVersionDate "2017.10.13"]
[SourceQuality "1"]

1. e4 c5 2. Nf3 a6 3. d4 cxd4 4. Nxd4 Nf6 5. Nc3 e5 6. Nde2 Bc5 7. Na4 Ba7 8. Ng3 0-0 9. c4 d6 10. Be2 Nc6 11. 0-0 Be6 12. Nc3 Nd4 13. Nd5 Nxd5 14. exd5 Bd7 15. Ne4 Qe7 16. b3 Bf5 17. Bd3 Bxe4 18. Bxe4 f5 19. Bc2 Qh4 20. Be3 f4 21. Bxd4 Bxd4 22. Bb1 f3 23. Qd3 fxg2 24. Kxg2 Rxf2+ 25. Rxf2 Qxf2+ 26. Kh1 g6 27. Qh3 Rf8 28. Be4 Qf4 29. Qe6+ Kg7 30. Bg2 Qf6 31. Rf1 Qd8 32. Rxf8 Qxf8 33. Qd7+ Qf7 34. Qxd6 Qf4 1/2-1/2

[Event "South Wales op 12th"]
[Site "Cardiff"]
[Date "2015.07.16"]
[Round "9"]
[White "Stoll, Katja"]
[Black "Jukes, Sam"]
[Result "1/2-1/2"]
[WhiteElo "1854"]
[BlackElo "1647"]
[PlyCount "78"]
[EventDate "2015.07.11"]
[EventType "swiss"]
[EventRounds "10"]
[EventCountry "WLS"]
[SourceTitle "EXT 2016"]
[Source "ChessBase"]
[SourceDate "2015.10.08"]
[SourceVersion "1"]
[SourceVersionDate "2015.10.08"]
[SourceQuality "1"]

1. e4 e5 2. Nf3 Nc6 3. Nc3 Nf6 4. Bb5 d6 5. d4 exd4 6. Nxd4 Bd7 7. 0-0 Be7 8. Bxc6 bxc6 9. Qf3 c5 10. Nf5 Bxf5 11. Qxf5 0-0 12. Be3 Qd7 13. Nd5 Rfd8 14. Nxe7+ Qxe7 15. Bg5 Qe6 16. Bxf6 Qxf5 17. exf5 gxf6 18. Rfe1 Re8 19. f4 Kf8 20. Kf2 Rxe1 21. Rxe1 Re8 22. Rxe8+ Kxe8 23. g4 d5 24. Ke3 Kd7 25. h4 Kd6 26. h5 c4 27. g5 fxg5 28. fxg5 Ke5 29. g6 d4+ 30. Kf3 hxg6 31. hxg6 fxg6 32. fxg6 Kf6 33. Ke4 c5 34. b3 d3 35. Ke3 dxc2 36. Kd2 c1Q+ 37. Kxc1 cxb3 38. axb3 Kxg6 39. Kc2 Kf6 1/2-1/2

[Event "South Wales op 12th"]
[Site "Cardiff"]
[Date "2015.07.15"]
[Round "7"]
[White "Stoll, Katja"]
[Black "Taylor, Robert Graham"]
[Result "1/2-1/2"]
[WhiteElo "1854"]
[BlackElo "1961"]
[PlyCount "151"]
[EventDate "2015.07.11"]
[EventType "swiss"]
[EventRounds "10"]
[EventCountry "WLS"]
[SourceTitle "EXT 2016"]
[Source "ChessBase"]
[SourceDate "2015.10.08"]
[SourceVersion "1"]
[SourceVersionDate "2015.10.08"]
[SourceQuality "1"]

1. e4 Nf6 2. Nc3 e5 3. Nf3 Nc6 4. Bb5 d6 5. d4 exd4 6. Nxd4 Bd7 7. 0-0 Be7 8. Bxc6 bxc6 9. Qf3 0-0 10. Nf5 Bxf5 11. Qxf5 Qd7 12. Qf3 Ng4 13. h3 Ne5 14. Qg3 Bf6 15. Ne2 Rfe8 16. Nf4 Ng6 17. Nxg6 hxg6 18. Re1 Rab8 19. c3 Rb5 20. b3 Rbe5 21. Qd3 d5 22. f3 Qe7 23. Bf4 dxe4 24. Rxe4 Rxe4 25. fxe4 Qxe4 26. Qxe4 Rxe4 27. Bxc7 Bxc3 28. Rc1 Bd4+ 29. Kh2 Re6 30. Rc4 Bb6 31. Bxb6 axb6 32. Kg3 f6 33. Kf3 Kf7 34. b4 b5 35. Rc3 Ke7 36. Ra3 f5 37. Ra7+ Kf6 38. a4 bxa4 39. Rxa4 g5 40. Ra6 g6 41. Rb6 Ke5 42. b5 cxb5 43. Rxb5+ Kf6 44. Rb4 Kg7 45. Rb7+ Kh6 46. Rb8 Ra6 47. Rb3 Ra4 48. g4 f4 49. Rb5 Ra2 50. Rb3 Rh2 51. Ke4 Rg2 52. Ra3 Rb2 53. Rc3 Rb7 54. Ra3 Kg7 55. Rc3 Kf7 56. Kf3 Re7 57. Rb3 Kf6 58. Rb6+ Re6 59. Rb3 Rd6 60. Ke4 Ra6 61. Kf3 Ra2 62. Rb6+ Kg7 63. Rb7+ Kh6 64. Rb3 Rh2 65. Ke4 Rg2 66. Ra3 Re2+ 67. Kf3 Re1 68. Kf2 Rc1 69. Kf3 Kg7 70. Ra7+ Kh6 71. Ra3 Rd1 72. Ke4 Re1+ 73. Kf3 Kg7 74. Ra7+ Kf6 75. Ra6+ Re6 76. Ra3 1/2-1/2

[Event "South Wales op 12th"]
[Site "Cardiff"]
[Date "2015.07.12"]
[Round "3"]
[White "Stoll, Katja"]
[Black "Sivarajasingam, Venetia"]
[Result "1-0"]
[WhiteElo "1854"]
[BlackElo "1522"]
[PlyCount "149"]
[EventDate "2015.07.11"]
[EventType "swiss"]
[EventRounds "10"]
[EventCountry "WLS"]
[SourceTitle "EXT 2016"]
[Source "ChessBase"]
[SourceDate "2015.10.08"]
[SourceVersion "1"]
[SourceVersionDate "2015.10.08"]
[SourceQuality "1"]

1. e4 e6 2. d4 d5 3. e5 c5 4. c3 Nc6 5. f4 Qb6 6. Nf3 Bd7 7. Qb3 Qxb3 8. axb3 cxd4 9. Nxd4 Nxd4 10. cxd4 Ne7 11. Bd2 Nc6 12. Bc3 a6 13. Na3 Bb4 14. Nc2 Be7 15. Be2 0-0 16. 0-0 Rfc8 17. g4 f6 18. Bd3 fxe5 19. fxe5 Rf8 20. b4 Na7 21. Na3 Rfc8 22. Rf3 b5 23. Nc2 Nc6 24. Rh3 h6 25. Rf3 Ra7 26. Raf1 Be8 27. h4 Raa8 28. h5 Bd7 29. Bg6 Rf8 30. Bf7+ Kh8 31. Kg2 a5 32. bxa5 Nxa5 33. Bxa5 Rxa5 34. Bg6 Rxf3 35. Rxf3 Ra8 36. Rf7 Re8 37. Nb4 Bc8 38. Nc6 Bg5 39. Rxg7 Kxg7 40. Bxe8 Bc1 41. Na7 Bb7 42. Nxb5 Bxb2 43. Bd7 Ba6 44. Nc7 Bc4 45. Nxe6+ Kf7 46. g5 hxg5 47. Nxg5+ Kg7 48. Nf3 Kh6 49. e6 Ba3 50. Be8 Be7 51. Kg3 Be2 52. Kf2 Bd1 53. Bf7 Bd6 54. Ke3 Ba3 55. Kf4 Bd6+ 56. Ne5 Kg7 57. Ke3 Ba4 58. Ng4 Be7 59. h6+ Kh7 60. Kf4 Bd6+ 61. Kf5 Be7 62. Bg6+ Kh8 63. Ke5 Bc6 64. Ne3 Bh4 65. Nxd5 Bg3+ 66. Nf4 Bh4 67. d5 Bxd5 68. Nxd5 Kg8 69. e7 Bxe7 70. Nxe7+ Kh8 71. Nf5 Kg8 72. h7+ Kh8 73. Nh6 Kg7 74. Nf7 Kxg6 75. h8Q 1-0

[Event "Stuttgart-chA op"]
[Site "Ditzingen"]
[Date "2015.05.16"]
[Round "5"]
[White "Stoll, Katja"]
[Black "Hoeschele, Hans Ulrich"]
[Result "1-0"]
[WhiteElo "1818"]
[BlackElo "2032"]
[PlyCount "135"]
[EventDate "2015.05.14"]
[EventType "swiss"]
[EventRounds "7"]
[EventCountry "GER"]
[SourceTitle "EXT 2018"]
[Source "ChessBase"]
[SourceDate "2017.10.13"]
[SourceVersion "1"]
[SourceVersionDate "2017.10.13"]
[SourceQuality "1"]

1. e4 c5 2. Nf3 d6 3. d4 cxd4 4. Nxd4 Nf6 5. Nc3 a6 6. g3 g6 7. Bg2 Bg7 8. 0-0 0-0 9. a4 Qc7 10. Nde2 Bd7 11. Nd5 Nxd5 12. exd5 b5 13. a5 Bf5 14. c3 Nd7 15. Nd4 Bxd4 16. Qxd4 Nf6 17. Bg5 Rfe8 18. Rfe1 Bc2 19. Bxf6 exf6 20. Qxf6 Bb3 21. h4 h5 22. Qf4 Re7 23. Re3 Rxe3 24. Qxe3 Rb8 25. Qd4 Qe7 26. Bf3 Rb7 27. Kg2 f5 28. Qd2 Qe8 29. Re1 Re7 30. Rxe7 Qxe7 31. Qd4 Bc4 32. Qb6 Qe1 33. Qe3 Qxe3 34. fxe3 Kg7 35. e4 Kf6 36. Kf2 fxe4 37. Bxe4 g5 38. Ke3 gxh4 39. gxh4 Ke5 40. Bg6 Kxd5 41. Bxh5 Kc5 42. Bg6 b4 43. h5 Bg8 44. h6 bxc3 45. bxc3 Kc4 46. Kd2 Kb5 47. h7 Bxh7 48. Bxh7 Kxa5 49. Kd3 Kb5 50. Kd4 a5 51. Bg8 a4 52. Ba2 Kc6 53. c4 Kb6 54. Kd5 Kc7 55. Bb1 a3 56. Ba2 Kd7 57. Kd4 Kc6 58. Kc3 Kc5 59. Bb3 Kc6 60. Kb4 Kb6 61. Kxa3 Kc5 62. Kb2 Kd4 63. Kc2 Kc5 64. Kc3 Kb6 65. Kd4 Ka5 66. Kd5 Kb4 67. Kxd6 Kxb3 68. c5 1-0

[Event "GER-chT Federal Cup (Women)"]
[Site "Braunfels"]
[Date "2014.06.20"]
[Round "3.7"]
[White "Zahn, Nicol"]
[Black "Stoll, Katja"]
[Result "1/2-1/2"]
[WhiteElo "1779"]
[BlackElo "1829"]
[PlyCount "67"]
[EventDate "2014.06.19"]
[EventType "team-swiss"]
[EventRounds "5"]
[EventCountry "GER"]
[SourceTitle "EXT 2015"]
[Source "ChessBase"]
[SourceDate "2014.11.20"]
[SourceVersion "1"]
[SourceVersionDate "2014.11.20"]
[SourceQuality "1"]
[WhiteTeam "Hessen (W)"]
[BlackTeam "Wuerttemberg (W)"]
[WhiteTeamCountry "GER"]
[BlackTeamCountry "GER"]

1. e4 e5 2. Nf3 Nf6 3. d3 Nc6 4. Nc3 h6 5. Be2 d5 6. exd5 Nxd5 7. Nxd5 Qxd5 8. 0-0 Be7 9. Bd2 0-0 10. h3 Qd6 11. Bc3 Qg6 12. Nxe5 Nxe5 13. Bxe5 Bxh3 14. Bf3 c6 15. Bg3 Bf5 16. Re1 Bd6 17. Bxd6 Qxd6 18. Qd2 Rfe8 19. Rxe8+ Rxe8 20. Re1 Re6 21. Rxe6 Qxe6 22. b3 Qe5 23. d4 Qd6 24. c3 Be6 25. g3 Bd7 26. c4 b6 27. b4 Qf6 28. Bg2 h5 29. d5 g6 30. dxc6 Bxc6 31. Bxc6 Qxc6 32. Qd8+ Kg7 33. Qd4+ Qf6 34. Qd2 1/2-1/2

[Event "GER-chT Federal Cup (Women)"]
[Site "Braunfels"]
[Date "2014.06.19"]
[Round "1.7"]
[White "Tinnes, Marie Christine"]
[Black "Stoll, Katja"]
[Result "0-1"]
[WhiteElo "1104"]
[BlackElo "1829"]
[PlyCount "66"]
[EventDate "2014.06.19"]
[EventType "team-swiss"]
[EventRounds "5"]
[EventCountry "GER"]
[SourceTitle "EXT 2015"]
[Source "ChessBase"]
[SourceDate "2014.11.20"]
[SourceVersion "1"]
[SourceVersionDate "2014.11.20"]
[SourceQuality "1"]
[WhiteTeam "Saarland (W)"]
[BlackTeam "Wuerttemberg (W)"]
[WhiteTeamCountry "GER"]
[BlackTeamCountry "GER"]

1. d4 d5 2. Nf3 Nf6 3. g3 e6 4. Bg2 c5 5. c3 Nc6 6. a3 Bd6 7. e3 Qc7 8. Nbd2 b6 9. Qc2 cxd4 10. cxd4 Ba6 11. b4 0-0 12. Bb2 Nxb4 13. Qxc7 Nd3+ 14. Kd1 Nxb2+ 15. Kc2 Bxc7 16. Kxb2 Bd6 17. Rhc1 Rfc8 18. Ne1 Ng4 19. e4 Nxf2 20. exd5 e5 21. Nb3 exd4 22. Rc6 Rxc6 23. dxc6 d3 24. Kc1 Re8 25. Kd2 Re2+ 26. Kc3 Be5+ 27. Nd4 Bxd4+ 28. Kxd4 d2 29. Nd3 Nxd3 30. Bf3 Re1 31. Ra2 d1Q 32. Bxd1 Rxd1 33. Rc2 Nb4+ 0-1

[Event "GER-chT U20 Girls"]
[Site "Osnabrueck"]
[Date "2013.12.30"]
[Round "7.1"]
[White "Hartewig, Anja"]
[Black "Stoll, Katja"]
[Result "1-0"]
[WhiteElo "1721"]
[BlackElo "1912"]
[PlyCount "107"]
[EventDate "2013.12.27"]
[EventType "team-swiss"]
[EventRounds "7"]
[EventCountry "GER"]
[SourceTitle "EXT 2015"]
[Source "ChessBase"]
[SourceDate "2014.11.20"]
[SourceVersion "1"]
[SourceVersionDate "2014.11.20"]
[SourceQuality "1"]
[WhiteTeam "Chemnitz II"]
[BlackTeam "Bechhofen"]
[WhiteTeamCountry "GER"]
[BlackTeamCountry "GER"]

1. d4 d5 2. c4 c6 3. Nf3 Nf6 4. g3 e6 5. Bg2 Nbd7 6. 0-0 Bd6 7. Nbd2 0-0 8. Qc2 Qe7 9. Re1 e5 10. e4 dxe4 11. Nxe4 Nxe4 12. Qxe4 f5 13. Qc2 e4 14. c5 Bc7 15. Ng5 Nf6 16. f3 h6 17. Nh3 Qd7 18. Be3 exf3 19. Bxf3 Kh8 20. Rad1 Nd5 21. Bxd5 Qxd5 22. Nf4 Bxf4 23. Bxf4 Qxa2 24. Re7 Qd5 25. Qd2 Rf7 26. Rde1 Bd7 27. Bxh6 gxh6 28. Qxh6+ Kg8 29. Qg6+ Kf8 30. Rxf7+ Qxf7 31. Qd6+ Kg8 32. Re7 Qh5 33. Qxd7 Qd1+ 34. Kf2 Qd2+ 35. Re2 Qh6 36. h4 Qf6 37. Re5 Qd8 38. Re7 Qxd7 39. Rxd7 b6 40. Ke3 bxc5 41. dxc5 Rb8 42. Rxa7 Rxb2 43. Rc7 Rb4 44. Rxc6 Kg7 45. Rd6 Rg4 46. Kf3 Rc4 47. c6 Kf7 48. h5 Rc1 49. h6 Re1 50. Rd7+ Ke6 51. h7 Rh1 52. Rg7 Kf6 53. Rb7 Ke6 54. c7 1-0

[Event "GER-chT U20 Girls"]
[Site "Osnabrueck"]
[Date "2013.12.29"]
[Round "6.1"]
[White "Bork, Sophie"]
[Black "Stoll, Katja"]
[Result "0-1"]
[WhiteElo "1608"]
[BlackElo "1912"]
[PlyCount "82"]
[EventDate "2013.12.27"]
[EventType "team-swiss"]
[EventRounds "7"]
[EventCountry "GER"]
[SourceTitle "EXT 2015"]
[Source "ChessBase"]
[SourceDate "2014.11.20"]
[SourceVersion "1"]
[SourceVersionDate "2014.11.20"]
[SourceQuality "1"]
[WhiteTeam "Welper SV"]
[BlackTeam "Bechhofen"]
[WhiteTeamCountry "GER"]
[BlackTeamCountry "GER"]

1. e4 e5 2. Bc4 Nf6 3. d3 c6 4. Nf3 d5 5. exd5 cxd5 6. Bb5+ Bd7 7. Bxd7+ Nbxd7 8. 0-0 Bd6 9. Re1 0-0 10. Bg5 Qc7 11. h3 Rac8 12. c3 Rfe8 13. Nbd2 h6 14. Bxf6 Nxf6 15. Re2 Re7 16. Qb3 Rce8 17. Rae1 Kh8 18. Rd1 Nh5 19. g3 Nf6 20. Rde1 Qd7 21. Kg2 a6 22. a3 Bb8 23. Qc2 Ng8 24. Nb3 f5 25. Nh4 Qe6 26. Nf3 Qf7 27. Qd2 e4 28. dxe4 dxe4 29. Nfd4 f4 30. gxf4 Bxf4 31. Qc2 Qg6+ 32. Kf1 Qh5 33. Kg2 Qg5+ 34. Kf1 Bh2 35. Re3 Nf6 36. c4 Nh5 37. Ke2 Nf4+ 38. Kd1 Ng2 39. R3e2 Nxe1 40. Rxe1 e3 41. fxe3 Rxe3 0-1

[Event "Vellmar op-A 5th"]
[Site "Vellmar"]
[Date "2013.07.25"]
[Round "1"]
[White "Stoll, Katja"]
[Black "Wesslen, Ulf"]
[Result "1-0"]
[WhiteElo "1763"]
[BlackElo "2050"]
[PlyCount "79"]
[EventDate "2013.07.25"]
[EventType "swiss"]
[EventRounds "7"]
[EventCountry "GER"]
[SourceTitle "EXT 2015"]
[Source "ChessBase"]
[SourceDate "2014.11.20"]
[SourceVersion "1"]
[SourceVersionDate "2014.11.20"]
[SourceQuality "1"]

1. e4 e6 2. d4 d5 3. exd5 exd5 4. Bd3 Nc6 5. c3 Be6 6. Bf4 Qd7 7. Qc2 h6 8. b4 g5 9. Bc1 Bd6 10. b5 Na5 11. Nd2 Nf6 12. Ngf3 Nc4 13. Qb2 g4 14. Nh4 Qe7 15. 0-0 Nxd2 16. Bxd2 Ne4 17. Bxe4 dxe4 18. d5 Bxh2+ 19. Kxh2 Qxh4+ 20. Kg1 Bf5 21. Bf4 Qe7 22. Qe2 h5 23. Rfe1 b6 24. Qc4 Rc8 25. Qc6+ Bd7 26. Qb7 f5 27. Bxc7 Qc5 28. Be5 Rg8 29. a4 Qe7 30. Bd4 g3 31. fxg3 Rxg3 32. Qxa7 Qg5 33. Ra2 h4 34. Be5 Rcxc3 35. Qxb6 h3 36. Qf6 Qg8 37. Bd6 h2+ 38. Kh1 Qf7 39. Qh8+ Qf8 40. Qxf8# 1-0

[Event "GER-ch U25 op-A"]
[Site "Oberhof"]
[Date "2013.05.24"]
[Round "8"]
[White "Stoll, Katja"]
[Black "Mauser, Tassilo Tino"]
[Result "1/2-1/2"]
[WhiteElo "1766"]
[BlackElo "1735"]
[PlyCount "95"]
[EventDate "2013.05.19"]
[EventType "swiss"]
[EventRounds "9"]
[EventCountry "GER"]
[SourceTitle "CBM 154 Extra"]
[Source "ChessBase"]
[SourceDate "2013.06.25"]
[SourceVersion "2"]
[SourceVersionDate "2013.06.25"]
[SourceQuality "1"]

1. e4 c5 2. Nf3 a6 3. c4 Nc6 4. d4 cxd4 5. Nxd4 e6 6. a3 Qc7 7. Be3 Nf6 8. Nc3 Be7 9. Be2 d6 10. 0-0 0-0 11. Rc1 b6 12. f3 Ne5 13. Qd2 Bb7 14. Na2 Rac8 15. Nb4 Qb8 16. Rfd1 Ned7 17. Kh1 Nc5 18. Nd3 Rfd8 19. b4 Ncd7 20. Qb2 Ba8 21. Nf2 Ne5 22. Qb3 Ng6 23. Nd3 Nd7 24. Rc2 Nf6 25. Rcd2 Re8 26. Nb2 Rcd8 27. Nc2 Nd7 28. Na4 a5 29. Nc3 Nf6 30. Nb5 Bc6 31. Ncd4 Ba8 32. Nc2 Bc6 33. Nbd4 Ba8 34. Qc3 d5 35. exd5 exd5 36. bxa5 dxc4 37. axb6 Nd5 38. Qxc4 Nxe3 39. Nxe3 Qxb6 40. Qc3 Bf6 41. Nef5 Nf4 42. Bc4 Bd5 43. Bxd5 Rxd5 44. Qb4 Rde5 45. h3 Qc7 46. Rc2 Qd7 47. Qc4 Rxf5 48. Nxf5 1/2-1/2

[Event "GER-ch U25 op-A"]
[Site "Oberhof"]
[Date "2013.05.19"]
[Round "2"]
[White "Stoll, Katja"]
[Black "Massloch, Philipp"]
[Result "1/2-1/2"]
[WhiteElo "1766"]
[BlackElo "1649"]
[PlyCount "107"]
[EventDate "2013.05.19"]
[EventType "swiss"]
[EventRounds "9"]
[EventCountry "GER"]
[SourceTitle "CBM 154 Extra"]
[Source "ChessBase"]
[SourceDate "2013.06.25"]
[SourceVersion "2"]
[SourceVersionDate "2013.06.25"]
[SourceQuality "1"]

1. e4 c5 2. Nf3 Nc6 3. d4 cxd4 4. Nxd4 Nf6 5. Nc3 e5 6. Ndb5 d6 7. Bg5 a6 8. Na3 b5 9. Nd5 Be7 10. Bxf6 Bxf6 11. c3 0-0 12. Nc2 Bg5 13. a4 bxa4 14. Rxa4 a5 15. Bc4 Kh8 16. 0-0 f5 17. exf5 Bxf5 18. Bd3 Ne7 19. Nxe7 Qxe7 20. Bxf5 Rxf5 21. Qd5 Rb8 22. b3 g6 23. Rxa5 e4 24. Qd4+ Bf6 25. Qa4 Rxa5 26. Qxa5 Rxb3 27. c4 Qb7 28. Qd2 Qc6 29. Ne3 Bg5 30. Qd4+ Kg8 31. Nd5 Qe8 32. Re1 Qe6 33. g3 Rd3 34. Qxe4 Qxe4 35. Rxe4 Kf7 36. h4 Bd8 37. Kg2 Rd2 38. Kf3 Rc2 39. Ke3 g5 40. h5 h6 41. g4 Rc1 42. f4 gxf4+ 43. Rxf4+ Ke6 44. Re4+ Kf7 45. Kd4 Rc2 46. Kd3 Rc1 47. Nf4 Rg1 48. Ng6 Rc1 49. Kd4 Rd1+ 50. Kc3 d5 51. Rf4+ Ke6 52. c5 Ba5+ 53. Kb3 Rc1 54. Rd4 1/2-1/2

[Event "Bad Woerishofen op 29th"]
[Site "Bad Woerishofen"]
[Date "2013.03.08"]
[Round "8"]
[White "Dobierzin, Olaf"]
[Black "Stoll, Katja"]
[Result "0-1"]
[WhiteElo "2056"]
[BlackElo "1715"]
[PlyCount "84"]
[EventDate "2013.03.01"]
[EventType "swiss"]
[EventRounds "9"]
[EventCountry "GER"]
[SourceTitle "CBM 153 Extra"]
[Source "ChessBase"]
[SourceDate "2013.04.22"]
[SourceVersion "1"]
[SourceVersionDate "2013.04.22"]
[SourceQuality "1"]

1. e4 e5 2. Nf3 Nf6 3. Nxe5 d6 4. Nf3 Nxe4 5. d4 d5 6. Bd3 Be7 7. 0-0 0-0 8. c4 Nf6 9. Nc3 c6 10. Bf4 Bg4 11. c5 Nbd7 12. h3 Bh5 13. Re1 Re8 14. b4 a6 15. Rb1 b6 16. g4 Bg6 17. Ne5 Nxe5 18. dxe5 Nd7 19. e6 Nf6 20. Bxg6 fxg6 21. cxb6 Qxb6 22. Be3 Qc7 23. Bd4 Bd6 24. Qf3 Rf8 25. Qe2 Qe7 26. a3 Ne8 27. Na4 Nc7 28. Nc5 Nb5 29. Bb2 Rf4 30. Qe3 Rc4 31. a4 Rxb4 32. axb5 Bxc5 33. Qe5 axb5 34. Bc3 Rxb1 35. Rxb1 Rf8 36. Rb2 Bd6 37. Qe3 b4 38. Bd4 c5 39. Be5 Qxe6 40. Bxd6 Qxd6 41. Rc2 c4 42. Qd4 Rf4 0-1

[Event "Nuremberg Zabo op 14th"]
[Site "Nuremberg"]
[Date "2012.09.16"]
[Round "5"]
[White "Ammon, Tobias"]
[Black "Stoll, Katja"]
[Result "1-0"]
[WhiteElo "1993"]
[BlackElo "1736"]
[PlyCount "71"]
[EventDate "2012.09.14"]
[EventType "swiss"]
[EventRounds "5"]
[EventCountry "GER"]
[SourceTitle "EXT 2018"]
[Source "ChessBase"]
[SourceDate "2017.10.13"]
[SourceVersion "1"]
[SourceVersionDate "2017.10.13"]
[SourceQuality "1"]

1. e4 e6 2. d4 d5 3. Nc3 dxe4 4. Nxe4 Bd7 5. Nf3 Bc6 6. Bd3 Bxe4 7. Bxe4 c6 8. Qe2 Nf6 9. Bd3 Be7 10. Bg5 Nbd7 11. 0-0-0 Nd5 12. Bd2 Qc7 13. g3 Nb4 14. Bc4 0-0-0 15. Kb1 Nb6 16. Bb3 N4d5 17. Ne5 Bf6 18. c4 Bxe5 19. cxd5 Bxd4 20. dxe6 Nd5 21. Qg4 Nf6 22. Qxg7 Ne4 23. Qg4 Nxf2 24. Qf5 Nxd1 25. exf7+ Rd7 26. f8Q+ Rxf8 27. Qxf8+ Qd8 28. Qxd8+ Rxd8 29. Rxd1 Be5 30. Bf4 Rxd1+ 31. Bxd1 Bf6 32. Bc2 h5 33. h4 Kd7 34. Bg6 Ke6 35. Bb8 a6 36. Bxh5 1-0

[Event "Nuremberg Zabo op 14th"]
[Site "Nuremberg"]
[Date "2012.09.15"]
[Round "2.42"]
[White "Stoll, Katja"]
[Black "Umrath, Stephan"]
[Result "1-0"]
[WhiteElo "1736"]
[BlackElo "1438"]
[PlyCount "85"]
[EventDate "2012.09.14"]
[EventType "swiss"]
[EventRounds "5"]
[EventCountry "GER"]
[SourceTitle "EXT 2022"]
[Source "ChessBase"]
[SourceDate "2021.10.06"]
[SourceVersion "1"]
[SourceVersionDate "2021.10.06"]
[SourceQuality "1"]

1. e4 d5 2. exd5 Qxd5 3. Nc3 Qa5 4. d4 Nf6 5. Bc4 Bg4 6. f3 Bh5 7. Nge2 Nbd7 8. Bd2 Qb6 9. Bb3 e6 10. Be3 Be7 11. Bf2 Qa5 12. 0-0 0-0-0 13. Na4 g5 14. Be1 Qf5 15. Ng3 Qg6 16. c4 e5 17. Bc2 Qh6 18. Nf5 Qf8 19. Bf2 exd4 20. Qxd4 Nb6 21. Qe5 Re8 22. Bg3 Bd6 23. Nxb6+ axb6 24. Qxf6 Bc5+ 25. Bf2 Bxf2+ 26. Rxf2 Qc5 27. Qd4 Qa5 28. Be4 Rd8 29. Qe3 Bg6 30. Ne7+ Kb8 31. Nxg6 hxg6 32. Bd5 Rhe8 33. Qxg5 Qc5 34. Qd2 c6 35. Qf4+ Ka7 36. b4 Qxb4 37. Bxf7 Rf8 38. Qc7 Qc3 39. Rb1 Qd4 40. Bxg6 Rd7 41. Qg3 Rg8 42. f4 Re7 43. Qa3+ 1-0

[Event "GER-ch U16 Girls"]
[Site "Oberhof"]
[Date "2012.05.29"]
[Round "4"]
[White "Stoll, Katja"]
[Black "Lehmann, Patricia"]
[Result "1-0"]
[WhiteElo "1658"]
[BlackElo "1610"]
[PlyCount "93"]
[EventDate "2012.05.27"]
[EventType "swiss"]
[EventRounds "9"]
[EventCountry "GER"]
[SourceTitle "CBM 148 Extra"]
[Source "ChessBase"]
[SourceDate "2012.06.22"]
[SourceVersion "1"]
[SourceVersionDate "2012.06.22"]
[SourceQuality "1"]

1. e4 c5 2. Nf3 d6 3. d4 cxd4 4. Nxd4 Nf6 5. Nc3 a6 6. f3 h5 7. Be3 e6 8. Qd2 Qc7 9. Be2 Nbd7 10. g4 hxg4 11. fxg4 Ne5 12. g5 Nfg4 13. Bf4 Nc4 14. Bxc4 Qxc4 15. Bg3 Be7 16. 0-0-0 Ne5 17. h4 b5 18. Kb1 Qc7 19. h5 Nc4 20. Qh2 Bxg5 21. Nf3 Be7 22. e5 d5 23. Bf4 Bb7 24. Rhg1 Na3+ 25. bxa3 Qxc3 26. Rd3 Qa5 27. Bc1 Bf8 28. Ng5 Qc7 29. Rf1 f6 30. Nxe6 Qb8 31. Qf2 Bc8 32. Nf4 b4 33. axb4 Bxb4 34. Rb3 a5 35. a3 Qc7 36. axb4 axb4 37. exf6 Qa5 38. f7+ Kd7 39. Bb2 Qa2+ 40. Kc1 Bb7 41. Ng6 Rhc8 42. Qf5+ Kc7 43. Be5+ Kb6 44. Qf2+ Kb5 45. f8Q Qxb3 46. Qe8+ Ka5 47. Qd8+ 1-0

[Event "Stuttgart-chB int"]
[Site "Ditzingen"]
[Date "2012.05.19"]
[Round "6"]
[White "Stoll, Katja"]
[Black "Ellinger, Harald"]
[Result "1-0"]
[WhiteElo "1645"]
[BlackElo "1854"]
[PlyCount "69"]
[EventDate "2012.05.17"]
[EventType "swiss"]
[EventRounds "7"]
[EventCountry "GER"]
[SourceTitle "EXT 2018"]
[Source "ChessBase"]
[SourceDate "2017.10.13"]
[SourceVersion "1"]
[SourceVersionDate "2017.10.13"]
[SourceQuality "1"]

1. e4 c5 2. Nf3 d6 3. d4 cxd4 4. Nxd4 Nf6 5. Nc3 g6 6. f3 h5 7. Be3 Bg7 8. Qd2 Nc6 9. h3 a6 10. Rg1 Nxd4 11. Bxd4 Be6 12. 0-0-0 Qa5 13. a3 Rc8 14. g4 hxg4 15. hxg4 Bc4 16. g5 Nh5 17. Bxg7 Nxg7 18. Bxc4 Rxc4 19. Rh1 Rxh1 20. Rxh1 Ne6 21. f4 Nd4 22. Qd3 b5 23. Rh8+ Kd7 24. Qh3+ e6 25. Qh7 Rc7 26. Qxf7+ Kc6 27. Qe8+ Kb6 28. Qb8+ Kc6 29. Qa8+ Kb6 30. Rb8+ Kc5 31. b4+ Kc4 32. bxa5 Kxc3 33. Rc8 Rc5 34. Rxc5+ dxc5 35. Qxa6 1-0

[Event "Stuttgart-chB int"]
[Site "Ditzingen"]
[Date "2012.05.18"]
[Round "4"]
[White "Kohler, Manuel"]
[Black "Stoll, Katja"]
[Result "1-0"]
[WhiteElo "1860"]
[BlackElo "1645"]
[PlyCount "101"]
[EventDate "2012.05.17"]
[EventType "swiss"]
[EventRounds "7"]
[EventCountry "GER"]
[SourceTitle "EXT 2018"]
[Source "ChessBase"]
[SourceDate "2017.10.13"]
[SourceVersion "1"]
[SourceVersionDate "2017.10.13"]
[SourceQuality "1"]

1. d4 d5 2. c4 e6 3. Nc3 c6 4. Nf3 Nf6 5. Bg5 h6 6. Bh4 Nbd7 7. e3 Be7 8. Bd3 dxc4 9. Bxc4 b5 10. Bb3 a6 11. 0-0 Bb7 12. Rc1 0-0 13. Re1 c5 14. e4 b4 15. e5 bxc3 16. exf6 Bxf6 17. Bxf6 Qxf6 18. Rxc3 Bxf3 19. Rxf3 Qd8 20. d5 exd5 21. Qxd5 Nf6 22. Qxc5 Qd2 23. Qc3 Rad8 24. h3 Qxc3 25. bxc3 Rc8 26. Re7 Rce8 27. Rfe3 a5 28. Bxf7+ Rxf7 29. Rxe8+ Nxe8 30. Rxe8+ Kh7 31. Re2 Rc7 32. Rc2 Rc4 33. Kf1 Kg6 34. Ke2 Kf5 35. Kd3 Rc6 36. c4 Rd6+ 37. Kc3 Rc6 38. Kd4 Ke6 39. Re2+ Kd7 40. c5 Rg6 41. g3 Kc6 42. Rb2 Kc7 43. Kc4 Rf6 44. Kb5 Rf8 45. Kxa5 Ra8+ 46. Kb4 Rb8+ 47. Kc3 Rxb2 48. Kxb2 Kc6 49. f4 Kxc5 50. Kc3 g6 51. g4 1-0